<?xml version="1.0" encoding="UTF-8"?>
<collection xmlns="http://www.loc.gov/MARC21/slim">
<record>
  <controlfield tag="001">97275</controlfield>
  <controlfield tag="005">20250829134151.0</controlfield>
  <datafield tag="024" ind1="8" ind2=" ">
    <subfield code="2">sideral</subfield>
    <subfield code="a">121058</subfield>
  </datafield>
  <datafield tag="037" ind1=" " ind2=" ">
    <subfield code="a">ART-2020-121058</subfield>
  </datafield>
  <datafield tag="041" ind1=" " ind2=" ">
    <subfield code="a">spa</subfield>
  </datafield>
  <datafield tag="100" ind1=" " ind2=" ">
    <subfield code="a">Ortega Zayas, Miguel Ángel</subfield>
    <subfield code="u">Universidad de Zaragoza</subfield>
    <subfield code="0">(orcid)0000-0002-7540-5737</subfield>
  </datafield>
  <datafield tag="245" ind1=" " ind2=" ">
    <subfield code="a">Efectos de un programa de ejercicio físico sobre la capacidad funcional de pacientes oncológicos: rehabilitación</subfield>
  </datafield>
  <datafield tag="260" ind1=" " ind2=" ">
    <subfield code="c">2020</subfield>
  </datafield>
  <datafield tag="506" ind1="0" ind2=" ">
    <subfield code="a">Access copy available to the general public</subfield>
    <subfield code="f">Unrestricted</subfield>
  </datafield>
  <datafield tag="520" ind1="3" ind2=" ">
    <subfield code="a">Los pacientes diagnosticados de cáncer son sometidos a diferentes tipos de tratamientos entre los que se encuentra la cirugía. La prehabilitación quirúrgica es un programa que consiste en realizar una intervención preoperatoria a distintos niveles, con la intención de mejorar los resultados clínicos postoperatorios. El ejercicio físico es uno de los factores clave de la prehabilitación para mejorar el estado funcional de los pacientes oncológicos. El objetivo de esta investigación fue la de conocer en pacientes con cáncer de colon, la respuesta preoperatoria de diferentes variables fisiológicas y de condición física tras la realización de una prehabilitación en donde se desarrolla un programa de actividad física, comprobando si los pacientes se encuentran preparados en mejores condiciones para una cirugía. 20 pacientes de la consulta de anestesia pendientes de ser intervenidos fueron distribuidos aleatoriamente en dos grupos prehabilitación (PREH; n=10) y control (CON;n=10). El grupo PREH realizó durante 4 semanas un programa de ejercicios cardiorrespiratorios y de fuerza mientras que el grupo CON mantuvo su actividad actual. Ambos grupos fueron evaluados antes y después del programa de ejercicio físico mediante el test PM6M. Los resultados muestran diferencias para las variables distancia y tiempo de recuperación en PM6M a favor del grupo PREH y un empeoramiento del grupo CON. Las mejoras en la capacidad funcional se asocian a una reducción de la morbilidad y el tiempo de recuperación después de la cirugía. Un programa de prehabilitación puede incrementar la capacidad funcional de pacientes oncológicos, mejorando el postoperatorio y la recuperación.</subfield>
  </datafield>
  <datafield tag="540" ind1=" " ind2=" ">
    <subfield code="9">info:eu-repo/semantics/openAccess</subfield>
    <subfield code="a">by-nc-nd</subfield>
    <subfield code="u">http://creativecommons.org/licenses/by-nc-nd/3.0/es/</subfield>
  </datafield>
  <datafield tag="655" ind1=" " ind2="4">
    <subfield code="a">info:eu-repo/semantics/article</subfield>
    <subfield code="v">info:eu-repo/semantics/publishedVersion</subfield>
  </datafield>
  <datafield tag="700" ind1=" " ind2=" ">
    <subfield code="a">Pradas de la Fuente, Francisco</subfield>
    <subfield code="u">Universidad de Zaragoza</subfield>
    <subfield code="0">(orcid)0000-0002-6829-0775</subfield>
  </datafield>
  <datafield tag="700" ind1=" " ind2=" ">
    <subfield code="a">Castellar Otin, Carlos</subfield>
    <subfield code="u">Universidad de Zaragoza</subfield>
    <subfield code="0">(orcid)0000-0003-1121-6408</subfield>
  </datafield>
  <datafield tag="700" ind1=" " ind2=" ">
    <subfield code="a">Falcón Miguel, David</subfield>
    <subfield code="u">Universidad de Zaragoza</subfield>
    <subfield code="0">(orcid)0000-0001-9252-6971</subfield>
  </datafield>
  <datafield tag="710" ind1="2" ind2=" ">
    <subfield code="1">3001</subfield>
    <subfield code="2">187</subfield>
    <subfield code="a">Universidad de Zaragoza</subfield>
    <subfield code="b">Dpto. Expres.Music.Plást.Corp.</subfield>
    <subfield code="c">Área Didáctica Expres.Corporal</subfield>
  </datafield>
  <datafield tag="773" ind1=" " ind2=" ">
    <subfield code="g">12, 4 (2020), 396-410</subfield>
    <subfield code="p">Trances</subfield>
    <subfield code="t">Trances</subfield>
    <subfield code="x">1989-6247</subfield>
  </datafield>
  <datafield tag="856" ind1="4" ind2=" ">
    <subfield code="s">198119</subfield>
    <subfield code="u">http://zaguan.unizar.es/record/97275/files/texto_completo.pdf</subfield>
    <subfield code="y">Versión publicada</subfield>
  </datafield>
  <datafield tag="856" ind1="4" ind2=" ">
    <subfield code="s">342561</subfield>
    <subfield code="u">http://zaguan.unizar.es/record/97275/files/texto_completo.jpg?subformat=icon</subfield>
    <subfield code="x">icon</subfield>
    <subfield code="y">Versión publicada</subfield>
  </datafield>
  <datafield tag="856" ind1="4" ind2="1">
    <subfield code="u">https://revistatrances.wixsite.com/trances/copia-de-12-4-2</subfield>
    <subfield code="z">Texto completo de la revista</subfield>
  </datafield>
  <datafield tag="909" ind1="C" ind2="O">
    <subfield code="o">oai:zaguan.unizar.es:97275</subfield>
    <subfield code="p">articulos</subfield>
    <subfield code="p">driver</subfield>
  </datafield>
  <datafield tag="951" ind1=" " ind2=" ">
    <subfield code="a">2025-08-29-13:39:48</subfield>
  </datafield>
  <datafield tag="980" ind1=" " ind2=" ">
    <subfield code="a">ARTICLE</subfield>
  </datafield>
</record>
</collection>